=LDR 00000nam 2200000 4500 =001 NUTBA000000000003575 =990 ##$$a 21406236 =005 20251030081239 =990 ##$$a 21406232 =035 ##$$a 0010-081400000000420 =990 ##$$a 21406233 =008 251030################a##########0#ind## =990 ##$$a 21406234 =040 ##$$a NBPDMAT =990 ##$$a 21406235 =090 ##$$a 372.623 $b Yus a =990 ##$$a 0001/BPAP-NTB/20142014 =100 ##$$a Yusuf Kristianto =990 ##$$a 0001/BPAP-NTB/20142014 =245 1#$$a Asyiknya menulis huruf A - Z /$c Yusuf Kristianto =990 ##$$a 0001/BPAP-NTB/2016 =260 ##$$a Yogyakarta :$b Andi,$c 2011 =300 ##$$a 32 hlm. : $b ilus. ; $c 27 cm. =650 #4$$a Matematika - TK =850 ##$$a NBPDMAT =020 ##$$a 978-979-29-2238-7 =082 ##$$a 372.623 =084 ##$$a 372.623 YUS a =990 ##$$a 21406232 =990 ##$$a 21406233 =990 ##$$a 21406234 =990 ##$$a 21406235 =990 ##$$a 21406236 =990 ##$$a 0001/BPAP-NTB/20142014 =990 ##$$a 0001/BPAP-NTB/20142014 =990 ##$$a 0001/BPAP-NTB/2016 =990 ##$$a 21406233 =990 ##$$a 21406232 =990 ##$$a 21406234 =990 ##$$a 21406235 =990 ##$$a 21406236 =990 ##$$a 0001/BPAP-NTB/20142014 =990 ##$$a 0001/BPAP-NTB/20142014 =990 ##$$a 0001/BPAP-NTB/2016